[Event "Dutch League 2023-24"]
[Site "Netherlands NED"]
[Date "2024.03.02"]
[Round "7.5"]
[White "Zatonskih, Anna"]
[Black "Kollen, Zyon"]
[Result "1/2-1/2"]
[WhiteTitle "IM"]
[BlackTitle "FM"]
[WhiteElo "2342"]
[BlackElo "2331"]
[WhiteTeam "HMC Den Bosch"]
[BlackTeam "Charlois Europoort"]
[WhiteFideId "14101572"]
[BlackFideId "1024256"]
[EventDate "2023.09.16"]
[EventType "team"]

1. d4 Nf6 2. c4 e6 3. Qc2 Bb4+ 4. Nc3 O-O 5. a3 Bxc3+ 6. Qxc3 b6 7. Bg5 h6 8.
Bh4 Bb7 9. f3 d5 10. e3 Nbd7 11. cxd5 Nxd5 12. Bxd8 Nxc3 13. Bh4 Nd5 14. Bf2 f5
15. Bd3 c5 16. Ne2 Rac8 17. O-O c4 18. Bc2 b5 19. e4 fxe4 20. fxe4 Nf4 21. Nc3
a6 22. Rad1 Nf6 23. Rfe1 Ng4 24. Bg3 Nh5 25. Bd6 Rf2 26. Rc1 Nf4 27. Bxf4 Rxf4
28. Re2 Rcf8 29. h3 Nf2 30. Rce1 g5 31. Re3 g4 32. hxg4 Nxg4 33. Rg3 h5 34. Bd1
Rd8 35. Bf3 Rxd4 36. Ne2 Rdxe4 37. Bxe4 Rxe4 38. Rh3 Re5 39. Kf1 Rf5+ 40. Kg1
Re5 41. Kf1 Kf7 42. g3 Rf5+ 43. Nf4 e5 44. Rxh5 Rxh5 45. Nxh5 Kg6 46. Nf4+ exf4
47. gxf4 Kf5 48. Re7 Bd5 49. Ra7 Kxf4 50. Ke2 Ke4 51. Kd2 Kd4 52. Rxa6 Ne5 53.
Rb6 Bc6 54. Rb8 Nd3 55. Rd8+ Bd5 56. Kc2 Nc5 57. Kd2 Na4 58. Kc1 c3 59. bxc3+
Nxc3 60. Kc2 Na4 61. Rc8 Nb6 62. Rd8 Kc5 63. Kc3 Bc6 64. Kb3 Nd5 65. Kb2 Kb6 66.
Kb3 Ka5 67. Rd6 Bb7 68. Rd7 Bc6 69. Rd6 Be8 70. Rd8 Bf7 71. Rd7 Be6 72. Rd6 Nc7+
73. Kc3 Bc4 74. Rc6 Nd5+ 75. Kb2 Nb6 76. Kc3 Bf1 77. Rxb6 Kxb6 1/2-1/2

[Event "Dutch League 2023-24"]
[Site "Netherlands NED"]
[Date "2024.03.02"]
[Round "7.6"]
[White "Geirnaert, Steven"]
[Black "Bosch, Jeroen"]
[Result "1-0"]
[WhiteTitle "IM"]
[BlackTitle "IM"]
[WhiteElo "2446"]
[BlackElo "2404"]
[WhiteTeam "Charlois Europoort"]
[BlackTeam "HMC Den Bosch"]
[WhiteFideId "203866"]
[BlackFideId "1001280"]
[EventDate "2023.09.16"]
[EventType "team"]

1. d4 Nf6 2. c4 d6 3. Nc3 Nbd7 4. e4 e5 5. f4 exd4 6. Qxd4 g6 7. Nf3 Bg7 8. e5
Ng4 9. h3 Nh6 10. g4 O-O 11. Be3 dxe5 12. fxe5 Kh8 13. O-O-O Ng8 14. h4 Qe8 15.
Bf4 f6 16. exf6 Ngxf6 17. Re1 Qd8 18. Bg5 h6 19. Qd3 Re8 20. Rd1 hxg5 21. hxg5+
Kg8 22. Qxg6 Nf8 23. Qc2 Qe7 24. gxf6 Qxf6 25. Bd3 Bxg4 26. Nd5 Qxf3 27. Bh7+
Nxh7 28. Qxh7+ Kf8 29. Rhf1 Bxb2+ 30. Kxb2 Re2+ 31. Ka1 Rf2 32. Rxf2 Qxf2 33.
Qe7+ Kg8 34. Nf6+ Kh8 35. Qh7# 1-0

[Event "Dutch League 2023-24"]
[Site "Netherlands NED"]
[Date "2024.03.02"]
[Round "7.7"]
[White "Broekmeulen, Jasper"]
[Black "Maerevoet, Sim"]
[Result "1/2-1/2"]
[WhiteTitle "IM"]
[BlackTitle "IM"]
[WhiteElo "2387"]
[BlackElo "2442"]
[WhiteTeam "HMC Den Bosch"]
[BlackTeam "Charlois Europoort"]
[WhiteFideId "1013440"]
[BlackFideId "241725"]
[EventDate "2023.09.16"]
[EventType "team"]

1. e4 c5 2. Nf3 e6 3. b3 b6 4. d4 cxd4 5. Nxd4 Bb7 6. Nd2 Nf6 7. Bd3 Na6 8. e5
Nd5 9. O-O Nc5 10. Nc4 a6 11. Re1 b5 12. Nd6+ Bxd6 13. exd6 Qf6 14. Bf1 b4 15.
a3 Ne4 16. Rxe4 Nc3 17. Rf4 Nxd1 18. Rxf6 gxf6 19. axb4 Nc3 20. Bb2 Ne4 21. b5
a5 22. c4 O-O 23. f3 Nd2 24. Bd3 a4 25. bxa4 Rfc8 26. Rc1 Rxa4 27. c5 Rxd4 28.
Bxd4 Nb3 29. c6 dxc6 30. d7 Nxc1 31. dxc8=Q+ Bxc8 32. Bc4 cxb5 33. Bxb5 e5 34.
Bb2 Nb3 35. f4 Nd4 36. Bd3 Kg7 37. Kf2 Bb7 38. g3 Nf3 39. Be2 Nd4 40. Bd3 Nf3
41. Be2 Nd4 1/2-1/2

[Event "Dutch League 2023-24"]
[Site "Netherlands NED"]
[Date "2024.03.02"]
[Round "7.8"]
[White "Fedorchuk, Sergey A."]
[Black "Van der Stricht, Geert"]
[Result "1-0"]
[WhiteTitle "GM"]
[BlackTitle "IM"]
[WhiteElo "2557"]
[BlackElo "2303"]
[WhiteTeam "Charlois Europoort"]
[BlackTeam "HMC Den Bosch"]
[WhiteFideId "14102536"]
[BlackFideId "201324"]
[EventDate "2023.09.16"]
[EventType "team"]

1. e4 c5 2. Nf3 d6 3. d4 cxd4 4. Nxd4 Nf6 5. Nc3 a6 6. h3 e6 7. g4 d5 8. Nde2
Bc5 9. exd5 Qb6 10. Be3 Bxe3 11. fxe3 Qxb2 12. dxe6 Bxe6 13. Bg2 Nbd7 14. Rb1
Qa3 15. Rxb7 Rd8 16. Qd4 O-O 17. Qb4 Qxb4 18. Rxb4 Rb8 19. Rxb8 Rxb8 20. Nd4 Rb2
21. Kd2 Rb6 22. a4 Ne5 23. Bf1 Rd6 24. Bd3 h5 25. g5 Nfd7 26. h4 Nc5 27. Rb1 g6
28. a5 Bc4 29. Rb6 Rd8 30. Ne4 Nxe4+ 31. Bxe4 Bb5 32. Bd3 Bc4 33. Ke2 Rd5 34.
Bxc4 Nxc4 35. Rc6 Nxa5 36. Rc8+ Kg7 37. c4 Re5 38. c5 Nc4 39. Kd3 Nxe3 40. c6
Nd5 41. c7 Re3+ 42. Kd2 Rc3 43. Rd8 Rxc7 44. Rxd5 Ra7 45. Ke3 Re7+ 46. Kf4 Ra7
47. Ra5 Rd7 48. Nc6 Rd1 49. Rxa6 Rh1 50. Kg3 Rg1+ 51. Kh2 Rg4 52. Kh3 Re4 53.
Ra3 Re6 54. Nd4 Re4 55. Nf3 Kg8 56. Ra6 Kg7 57. Rf6 Kg8 58. Kg3 Kg7 59. Rf4 Re2
60. Nd4 Re3+ 61. Kf2 Re5 62. Kf3 Re1 63. Ne2 Ra1 64. Nc3 Rf1+ 65. Ke3 Re1+ 66.
Kd4 Ra1 67. Nd5 Ra4+ 68. Ke5 Ra1 69. Nf6 Ra5+ 70. Kd6 Ra6+ 71. Ke7 Re6+ 72. Kd7
Kf8 73. Re4 1-0

[Event "Dutch League 2023-24"]
[Site "Netherlands NED"]
[Date "2024.03.02"]
[Round "7.9"]
[White "Victor, Julian"]
[Black "Vandenbussche, Thibaut"]
[Result "1/2-1/2"]
[WhiteTitle "FM"]
[BlackTitle "IM"]
[WhiteElo "2304"]
[BlackElo "2428"]
[WhiteTeam "HMC Den Bosch"]
[BlackTeam "Charlois Europoort"]
[WhiteFideId "257257"]
[BlackFideId "204412"]
[EventDate "2023.09.16"]
[EventType "team"]

1. d4 d5 2. c4 e6 3. Nf3 Nd7 4. Nc3 Ngf6 5. cxd5 exd5 6. Bg5 Bb4 7. Qb3 c5 8.
dxc5 Qa5 9. a3 Bxc5 10. Bd2 Qb6 11. Qxb6 Nxb6 12. e3 O-O 13. Rc1 Rd8 14. Be2 Bg4
15. h3 Bxf3 16. Bxf3 Rac8 17. Ne2 Ne4 18. Ba5 Re8 19. Bxb6 Bxb6 20. O-O Rxc1 21.
Nxc1 f5 22. Ne2 g5 23. Rd1 f4 24. Rxd5 fxe3 25. fxe3 Bxe3+ 26. Kh2 Nd2 27. Bh5
Rc8 28. h4 Rc4 29. g3 gxh4 30. Rd7 Rc5 31. Bf7+ Kf8 32. Bd5 hxg3+ 33. Kxg3 b5
34. Nf4 Ke8 35. Rd6 Bxf4+ 36. Kxf4 Ke7 37. Re6+ Kd7 38. Ba2 Rc2 39. Ra6 Rxb2 40.
Bg8 h5 41. Rxa7+ Kc6 42. Rh7 Nb1 43. Rxh5 Nxa3 44. Ke4 Rd2 45. Rd5 Rg2 46. Rd8
Rg3 47. Kf4 Rg6 48. Ra8 Kc5 49. Ke4 Nc4 50. Rb8 Rg3 51. Bf7 Nd2+ 52. Ke5 Re3+
53. Kf5 Rf3+ 54. Ke6 Re3+ 55. Kf5 Rf3+ 56. Ke6 Nc4 57. Ke7 Ne5 58. Rc8+ Kd4 59.
Be6 b4 60. Rc1 Rc3 61. Rb1 Kc5 62. Rh1 Nc6+ 63. Kd7 Nd4 64. Bf7 Rf3 65. Bg8 Rg3
66. Bf7 Rg7 67. Ke7 Rg3 68. Kd7 Ra3 69. Rh5+ Kb6 70. Rh6+ Kb5 71. Rh5+ Ka4 72.
Rh8 Rc3 73. Ra8+ Kb5 74. Rb8+ Kc5 75. Rc8+ Kb6 76. Rb8+ Ka5 77. Ra8+ Kb5 78.
Rb8+ Ka4 79. Ra8+ 1/2-1/2

[Event "Dutch League 2023-24"]
[Site "Netherlands NED"]
[Date "2024.03.02"]
[Round "7.10"]
[White "Lecomte, Robin"]
[Black "Margarido, Jose Miguel Teixeira"]
[Result "1/2-1/2"]
[WhiteElo "2233"]
[BlackElo "2079"]
[WhiteTeam "Charlois Europoort"]
[BlackTeam "HMC Den Bosch"]
[WhiteFideId "1037170"]
[BlackFideId "1914227"]
[EventDate "2023.09.16"]
[EventType "team"]

1. Nf3 g6 2. g3 Bg7 3. Bg2 Nf6 4. O-O O-O 5. d4 d6 6. b3 b5 7. Bb2 Bb7 8. c4
bxc4 9. bxc4 Nbd7 10. Nbd2 e6 11. Qb3 Rb8 12. Qa3 Ne4 13. Rfd1 Nxd2 14. Rxd2 Be4
15. Rc1 c5 16. dxc5 Bxb2 17. Rxb2 Rxb2 18. Qxb2 Nxc5 19. Rd1 Qe7 20. Ne1 Rd8 21.
Qd4 Qb7 22. h4 h5 23. Bxe4 1/2-1/2

[Event "Dutch League 2023-24"]
[Site "Netherlands NED"]
[Date "2024.03.02"]
[Round "7.1"]
[White "Ris, Robert"]
[Black "Schoppen, Casper"]
[Result "1/2-1/2"]
[WhiteTitle "IM"]
[BlackTitle "GM"]
[WhiteElo "2437"]
[BlackElo "2546"]
[WhiteTeam "Zukertort Amstelveen"]
[BlackTeam "Kennemer Combinatie"]
[WhiteFideId "1011480"]
[BlackFideId "1046730"]
[EventDate "2023.09.16"]
[EventType "team"]

1. e4 e5 2. Nf3 Nc6 3. Bb5 a6 4. Ba4 Nf6 5. O-O Be7 6. Bxc6 dxc6 7. d3 Bd6 8.
Nbd2 Be6 9. Nb3 Bxb3 10. axb3 Qe7 11. Nd2 Nd7 12. Nc4 Bc5 13. Kh1 O-O-O 14. f4
exf4 15. Bxf4 f6 16. Qd2 Nf8 17. e5 Ng6 18. exf6 gxf6 19. Rae1 Qd7 20. Be3 Bd4
21. Bxd4 Qxd4 22. Qf2 Qxf2 23. Rxf2 Rhf8 24. Ref1 Rde8 25. Kg1 Re6 26. Nd2 Ne7
27. Ne4 f5 28. Ng3 Re5 29. Re2 Rxe2 30. Nxe2 Kd7 31. Rf3 c5 32. Kf2 Nc6 33. Ke3
Rg8 34. g3 Ke6 35. d4 cxd4+ 36. Nxd4+ Nxd4 37. Kxd4 Kf6 38. Ke3 Kg5 39. Rf4 Re8+
40. Kd2 Rd8+ 41. Ke2 h5 42. Rc4 c6 43. Rf4 Rd5 44. b4 Rb5 45. b3 Rd5 46. Rc4 Rd6
47. Rf4 Rf6 48. Rd4 Re6+ 49. Kf2 Re7 50. Rc4 Re5 51. Rd4 Re7 52. Rc4 Re5 53. Rd4 1/2-1/2

[Event "Dutch League 2023-24"]
[Site "Netherlands NED"]
[Date "2024.03.02"]
[Round "7.2"]
[White "Sokolov, Ivan"]
[Black "De Winter, Arthur"]
[Result "1/2-1/2"]
[WhiteTitle "GM"]
[BlackTitle "IM"]
[WhiteElo "2588"]
[BlackElo "2413"]
[WhiteTeam "Kennemer Combinatie"]
[BlackTeam "Zukertort Amstelveen"]
[WhiteFideId "14400030"]
[BlackFideId "1069020"]
[EventDate "2023.09.16"]
[EventType "team"]

1. d4 d5 2. Nf3 Nf6 3. c4 dxc4 4. e3 e6 5. Bxc4 c5 6. O-O a6 7. dxc5 Bxc5 8.
Qxd8+ Kxd8 9. Be2 Ke7 10. Ne5 Nbd7 11. Nd3 Bd6 12. Nd2 b5 13. Nb3 Bb7 14. Na5
Bd5 15. f3 Rhc8 16. e4 Bc4 17. Rd1 Bxd3 18. Bxd3 Bb4 19. Nb3 Nc5 20. Nxc5 Bxc5+
21. Kf1 Nd7 22. a4 bxa4 23. Rxa4 a5 24. Bd2 Rab8 25. Bc3 Bb4 26. Bxg7 Nc5 27.
Raa1 Nb3 28. Be5 Ra8 29. Ra4 Nc5 30. Raa1 Nb3 31. Ra4 Nc5 1/2-1/2

[Event "Dutch League 2023-24"]
[Site "Netherlands NED"]
[Date "2024.03.02"]
[Round "7.3"]
[White "Krudde, Fitzgerald"]
[Black "Vrolijk, Liam"]
[Result "1/2-1/2"]
[WhiteTitle "FM"]
[BlackTitle "GM"]
[WhiteElo "2249"]
[BlackElo "2556"]
[WhiteTeam "Zukertort Amstelveen"]
[BlackTeam "Kennemer Combinatie"]
[WhiteFideId "1001175"]
[BlackFideId "1048333"]
[EventDate "2023.09.16"]
[EventType "team"]

1. Nf3 d5 2. d4 Nf6 3. g3 c5 4. Bg2 cxd4 5. O-O h6 6. b3 h5 7. Bb2 h4 8. Qxd4
Nc6 9. Qd3 hxg3 10. hxg3 Rh5 11. c4 Bf5 12. Qe3 dxc4 13. Nc3 cxb3 14. Rfd1 Bd7
15. Ne4 Nxe4 16. Qxe4 e6 17. Ne5 Nxe5 18. Bxe5 Qb6 19. Rxd7 Rxe5 20. Qxb7 Qxb7
21. Rxb7 Rc8 22. axb3 Bc5 23. e3 1/2-1/2

[Event "Dutch League 2023-24"]
[Site "Netherlands NED"]
[Date "2024.03.02"]
[Round "7.4"]
[White "Nijboer, Friso"]
[Black "Van Gisbergen, Stan"]
[Result "1-0"]
[WhiteTitle "GM"]
[BlackTitle "FM"]
[WhiteElo "2473"]
[BlackElo "2262"]
[WhiteTeam "Kennemer Combinatie"]
[BlackTeam "Zukertort Amstelveen"]
[WhiteFideId "1000063"]
[BlackFideId "1002066"]
[EventDate "2023.09.16"]
[EventType "team"]

1. e4 e5 2. Nf3 Nc6 3. Bb5 a6 4. Ba4 Nf6 5. d3 b5 6. Bb3 Be7 7. Nc3 d6 8. a4 Rb8
9. axb5 axb5 10. Be3 O-O 11. Nd5 Be6 12. c3 Qd7 13. Ng5 h6 14. Nxf6+ Bxf6 15.
Nxe6 fxe6 16. Qg4 Kf7 17. Ra6 Ra8 18. Rxa8 Rxa8 19. O-O Ke7 20. f4 exf4 21. Bxf4
Rf8 22. Be3 Na5 23. e5 Nxb3 24. exf6+ gxf6 25. Bxh6 Rf7 26. Bg7 f5 27. Qh4+ Ke8
28. Qh8+ Ke7 29. Qh4+ Ke8 30. Qh8+ Ke7 31. Bh6 e5 32. Bg5+ Ke6 33. Qh6+ Kd5 34.
Qh5 Nc5 35. Qf3+ e4 36. dxe4+ Nxe4 37. g4 Rg7 38. h4 fxg4 39. Qd3+ Ke5 40. Bf4+ 1-0

[Event "Dutch League 2023-24"]
[Site "Netherlands NED"]
[Date "2024.03.02"]
[Round "7.5"]
[White "Spriestersbach, Kai"]
[Black "Elgersma, Onno"]
[Result "1-0"]
[BlackTitle "FM"]
[WhiteElo "2288"]
[BlackElo "2352"]
[WhiteTeam "Zukertort Amstelveen"]
[BlackTeam "Kennemer Combinatie"]
[WhiteFideId "16269985"]
[BlackFideId "1053531"]
[EventDate "2023.09.16"]
[EventType "team"]

1. e4 e6 2. d4 d5 3. e5 c5 4. c3 Nc6 5. Nf3 Nge7 6. Na3 cxd4 7. cxd4 Nf5 8. Nc2
Qb6 9. Be2 Nb4 10. Ne3 Nxe3 11. Bxe3 Bd7 12. a3 Nc6 13. b4 a5 14. b5 Ne7 15. a4
Nf5 16. O-O Nxe3 17. fxe3 Be7 18. Bd3 O-O 19. h4 f5 20. exf6 Bxf6 21. Ne5 Be8
22. Qc2 g6 23. Nf3 Qd8 24. Rac1 b6 25. h5 gxh5 26. Bxh7+ Kg7 27. Bd3 h4 28. Ne5
Bxe5 29. dxe5 Ra7 30. Rxf8 Kxf8 31. Qc8 Qxc8 32. Rxc8 Ke7 33. Rb8 Rc7 34. Rxb6
Rc3 35. Bf1 Ra3 36. Rb7+ Kd8 37. Rb8+ Ke7 38. Rb7+ Kd8 39. Rb8+ Ke7 40. b6 Ra1
41. Rb7+ Bd7 42. Kf2 Ra2+ 43. Kf3 Kd8 44. Rb8+ Ke7 45. b7 Bxa4 46. Rh8 Bd1+ 47.
Kf4 Ra4+ 48. Kg5 Rg4+ 49. Kh6 Kf7 50. Rh7+ Kg8 51. b8=R# 1-0

[Event "Dutch League 2023-24"]
[Site "Netherlands NED"]
[Date "2024.03.02"]
[Round "7.6"]
[White "Pham, Khoi"]
[Black "Schilstra, Laurens"]
[Result "1-0"]
[WhiteTitle "FM"]
[WhiteElo "2396"]
[BlackElo "2154"]
[WhiteTeam "Kennemer Combinatie"]
[BlackTeam "Zukertort Amstelveen"]
[WhiteFideId "1054988"]
[BlackFideId "1043218"]
[EventDate "2023.09.16"]
[EventType "team"]

1. d4 d5 2. c4 e6 3. Nf3 c6 4. Nbd2 f5 5. g3 Nf6 6. Bg2 Bd6 7. Ne5 Nbd7 8. Nd3
Ne4 9. O-O Nxd2 10. Bxd2 dxc4 11. Nf4 Nb6 12. e4 O-O 13. Re1 e5 14. dxe5 Bxe5
15. Bb4 Qxd1 16. Raxd1 Re8 17. Re2 fxe4 18. Bxe4 Bg4 19. f3 Bxf4 20. fxg4 Be5
21. Rde1 Bd4+ 22. Kg2 c5 23. Ba5 h6 24. Bxb7 Rxe2+ 25. Rxe2 Rb8 26. Ba6 Kf8 27.
Kf3 Nd7 28. Bc7 Rxb2 29. Bd6+ Kg8 30. Bxc4+ Kh7 31. Bd3+ Kg8 32. Re8+ Kf7 33.
Re7+ Kf6 34. Rxd7 Rf2+ 35. Ke4 Rxa2 36. Be7+ Ke6 37. Rb7 Ra4 38. Bc2 Ra3 39.
Bb3+ Rxb3 40. Rxb3 Kxe7 41. Rb7+ Kd6 42. Rxa7 Kc6 43. Rf7 Bf6 44. h4 Kd6 45. g5
hxg5 46. hxg5 Bd4 47. Kd3 Ke6 48. Rf1 Ke5 49. g4 Ke6 50. Kc4 Ke5 51. Rf5+ Kd6
52. Kd3 Ke6 53. Ke4 Kd6 54. Rf1 Ke6 55. Rb1 Kf7 56. Rb6 Ke7 57. Kd5 Kf7 58. g6+
Ke7 59. g5 Kd7 60. Rb7+ Kc8 61. Rf7 Kb8 62. Kc6 Ka8 63. Rf8+ Ka7 64. Rg8 c4 65.
Kd5 1-0

[Event "Dutch League 2023-24"]
[Site "Netherlands NED"]
[Date "2024.03.02"]
[Round "7.7"]
[White "Strating, Sybolt"]
[Black "Pardo Simon, David"]
[Result "1/2-1/2"]
[WhiteTitle "FM"]
[BlackTitle "IM"]
[WhiteElo "2313"]
[BlackElo "2448"]
[WhiteTeam "Zukertort Amstelveen"]
[BlackTeam "Kennemer Combinatie"]
[WhiteFideId "1002694"]
[BlackFideId "2296276"]
[EventDate "2023.09.16"]
[EventType "team"]

1. d4 d5 2. c4 e6 3. Nc3 a6 4. cxd5 exd5 5. Nf3 c6 6. Bf4 Bd6 7. Bxd6 Qxd6 8. e4
dxe4 9. Nxe4 Qd5 10. Bd3 Ne7 11. O-O O-O 12. Re1 Ng6 13. Rc1 Bg4 14. Bc4 Qd8 15.
h3 Bxf3 16. Qxf3 Nd7 17. Bb3 Nb6 1/2-1/2

[Event "Dutch League 2023-24"]
[Site "Netherlands NED"]
[Date "2024.03.02"]
[Round "7.8"]
[White "Grutter, Tim"]
[Black "Los, Sander"]
[Result "1/2-1/2"]
[WhiteTitle "FM"]
[BlackTitle "FM"]
[WhiteElo "2317"]
[BlackElo "2282"]
[WhiteTeam "Kennemer Combinatie"]
[BlackTeam "Zukertort Amstelveen"]
[WhiteFideId "1057472"]
[BlackFideId "1000527"]
[EventDate "2023.09.16"]
[EventType "team"]

1. e4 c5 2. Nf3 d6 3. d4 cxd4 4. Nxd4 Nf6 5. Nc3 g6 6. Be3 Bg7 7. f3 O-O 8. Qd2
Nc6 9. O-O-O d5 10. exd5 Nxd5 11. Nxc6 bxc6 12. Bd4 e5 13. Bc5 Re8 14. Ne4 Qc7
15. h4 f5 16. Nd6 Rd8 17. Nxc8 Raxc8 18. Bc4 h5 19. g4 Kh7 20. Qf2 Qf7 21. g5
Qb7 22. Rd3 e4 23. Rb3 Qc7 24. fxe4 fxe4 25. Rf1 Rb8 26. Qf7 Qe5 27. c3 Nxc3 28.
Rxb8 Rxb8 29. Rf6 Nd5 30. Qxg6+ Kh8 31. Qxh5+ Kg8 32. Qf7+ Kh8 33. Qh5+ Kg8 34.
Qf7+ Kh8 35. Qh5+ Kg8 36. Qf7+ 1/2-1/2

[Event "Dutch League 2023-24"]
[Site "Netherlands NED"]
[Date "2024.03.02"]
[Round "7.9"]
[White "Lucas, Olav"]
[Black "Godzwon, Iwo"]
[Result "0-1"]
[BlackTitle "FM"]
[WhiteElo "1925"]
[BlackElo "2402"]
[WhiteTeam "Zukertort Amstelveen"]
[BlackTeam "Kennemer Combinatie"]
[WhiteFideId "1013521"]
[BlackFideId "21802483"]
[EventDate "2023.09.16"]
[EventType "team"]

1. d4 Nf6 2. Nf3 b6 3. e3 Bb7 4. Bd3 c5 5. b3 g6 6. Bb2 Bg7 7. Nbd2 O-O 8. Qe2
Nc6 9. c4 cxd4 10. exd4 d5 11. O-O Nb4 12. Bb1 Rc8 13. Rd1 dxc4 14. bxc4 Ba6 15.
Qe3 Nc6 16. h3 Na5 17. Ba3 Re8 18. Bc2 Bxc4 19. Ne5 Bb5 20. Rac1 Nd5 21. Qf3
Bxe5 22. dxe5 Rc3 0-1

[Event "Dutch League 2023-24"]
[Site "Netherlands NED"]
[Date "2024.03.02"]
[Round "7.10"]
[White "Roebers, Eline"]
[Black "Van der Eijk, Martijn"]
[Result "0-1"]
[WhiteTitle "IM"]
[WhiteElo "2367"]
[BlackElo "2232"]
[WhiteTeam "Kennemer Combinatie"]
[BlackTeam "Zukertort Amstelveen"]
[WhiteFideId "1058401"]
[BlackFideId "1026534"]
[EventDate "2023.09.16"]
[EventType "team"]

1. e4 e5 2. Nf3 Nc6 3. Bb5 a6 4. Ba4 Nf6 5. O-O Be7 6. Re1 b5 7. Bb3 O-O 8. c3
d5 9. exd5 Nxd5 10. Nxe5 Nxe5 11. Rxe5 c6 12. d3 Bd6 13. Re1 Bf5 14. Qf3 Re8 15.
Rxe8+ Qxe8 16. Nd2 Qe1+ 17. Nf1 Bg6 18. Bc2 Nxc3 19. bxc3 Qxc3 20. Be3 Qxa1 21.
Qxc6 Rd8 22. Qxa6 Qc3 23. Bg5 f6 24. Bb3+ Kh8 0-1

[Event "Dutch League 2023-24"]
[Site "Netherlands NED"]
[Date "2024.03.02"]
[Round "7.1"]
[White "Warmerdam, Max"]
[Black "Lombaers, Peter"]
[Result "1-0"]
[WhiteTitle "GM"]
[BlackTitle "FM"]
[WhiteElo "2633"]
[BlackElo "2359"]
[WhiteTeam "AMEVO Apeldoorn"]
[BlackTeam "Paul Keres"]
[WhiteFideId "1048104"]
[BlackFideId "1032852"]
[EventDate "2023.09.16"]
[EventType "team"]

1. c4 c5 2. Nf3 Nf6 3. g3 d5 4. cxd5 Nxd5 5. Bg2 Nc6 6. Nc3 Nc7 7. a3 g6 8. d3
Bg7 9. Be3 b6 10. Nd2 Bb7 11. Qa4 Qd7 12. O-O Na5 13. Rac1 Bxg2 14. Kxg2 Bxc3
15. Qxd7+ Kxd7 16. bxc3 h5 17. f4 e6 18. c4 Nc6 19. Nf3 f6 20. Bd2 Ke7 21. Rc2
Rad8 22. Bc3 Ne8 23. h3 Ng7 24. g4 hxg4 25. hxg4 Nd4 26. Bxd4 cxd4 27. c5 bxc5
28. Rxc5 Rd7 29. Rb1 Rhd8 30. Ra5 Ne8 31. Kg3 Nc7 32. Rxa7 Nd5 33. Rbb7 Nc3 34.
Nxd4 1-0

[Event "Dutch League 2023-24"]
[Site "Netherlands NED"]
[Date "2024.03.02"]
[Round "7.2"]
[White "Van de Griendt, Jan Willem"]
[Black "Rijnaarts, Sjef"]
[Result "1/2-1/2"]
[WhiteTitle "IM"]
[BlackTitle "FM"]
[WhiteElo "2372"]
[BlackElo "2276"]
[WhiteTeam "Paul Keres"]
[BlackTeam "AMEVO Apeldoorn"]
[WhiteFideId "1002112"]
[BlackFideId "1014870"]
[EventDate "2023.09.16"]
[EventType "team"]

1. d4 d5 2. Nf3 Nf6 3. Bg5 Ne4 4. Bh4 c5 5. dxc5 Nc6 6. e3 g6 7. Nbd2 Nxc5 8. c3
Bg7 9. Be2 O-O 10. O-O b6 11. Nd4 Bb7 12. Bb5 Rc8 13. Qe2 Qd6 14. Rfd1 e5 15.
N4b3 Qe6 16. Nf3 Nb8 17. c4 h6 18. cxd5 Bxd5 19. Nxc5 Rxc5 20. a4 Rfc8 21. e4
Bb3 22. Rd8+ Rxd8 23. Bxd8 Qc8 24. Be7 Rc1+ 25. Rxc1 Qxc1+ 26. Qe1 Qxe1+ 27.
Nxe1 a6 28. Bd3 Bxa4 29. Bd6 Nd7 30. Bxa6 Bf8 31. Bxf8 Kxf8 32. Bc4 Ke7 33. f3
f5 34. exf5 gxf5 35. Kf2 Bc6 36. Ke3 f4+ 37. Kd2 Nf8 38. Nd3 Ng6 39. Ke2 Kd6 40.
Bf7 Nh4 41. Ne1 Bb5+ 42. Kd2 Nf5 43. Bg6 Ne3 44. Bd3 Bxd3 45. Kxd3 Kd5 46. g4
fxg3 47. hxg3 Nf5 48. g4 Nd4 49. Ke3 b5 50. Nd3 Nc2+ 51. Kd2 Nd4 52. Ke3 Nc2+
53. Kd2 Nd4 54. Ke3 Nc2+ 1/2-1/2

[Event "Dutch League 2023-24"]
[Site "Netherlands NED"]
[Date "2024.03.02"]
[Round "7.3"]
[White "Van Delft, Merijn"]
[Black "Ten Hertog, Hugo"]
[Result "1-0"]
[WhiteTitle "IM"]
[BlackTitle "GM"]
[WhiteElo "2379"]
[BlackElo "2519"]
[WhiteTeam "AMEVO Apeldoorn"]
[BlackTeam "Paul Keres"]
[WhiteFideId "1004670"]
[BlackFideId "1026356"]
[EventDate "2023.09.16"]
[EventType "team"]

1. e4 c6 2. d4 d5 3. Nc3 dxe4 4. Nxe4 Nf6 5. Nxf6+ exf6 6. c3 Bd6 7. Bd3 O-O 8.
Qc2 Re8+ 9. Ne2 h5 10. O-O h4 11. Nf4 Qc7 12. g3 Nd7 13. Qd1 Nf8 14. Qh5 Bxf4
15. Bxf4 Qb6 16. b3 Ng6 17. Bxg6 fxg6 18. Qxg6 Be6 19. gxh4 Bf7 20. Qc2 Re7 21.
Rfe1 Rae8 22. Re3 Rxe3 23. fxe3 Qa5 24. h3 Bd5 25. Kh2 Be4 26. Qd2 Kf7 27. Rf1
Qf5 28. Rf2 Bd5 29. c4 Be6 30. Rf3 b5 31. Qe2 bxc4 32. bxc4 Qe4 33. Rg3 Rh8 34.
h5 Rh7 35. h4 Kf8 36. h6 Rxh6 37. Bxh6 Qxh4+ 38. Kg2 Qxh6 39. e4 Qf4 40. d5 Bd7
41. Qe3 Qe5 42. Kf2 a5 43. a3 Kg8 44. Ke2 Qb2+ 45. Qd2 Qe5 46. Re3 Bg4+ 47. Kd3
cxd5 48. cxd5 f5 49. Qxa5 fxe4+ 50. Kc4 Bf5 51. Qc3 Qc7+ 52. Kd4 Qe7 53. Qc6
Qa7+ 54. Qc5 Qd7 55. d6 Qe6 56. Qd5 Kf7 57. a4 Kf6 58. Qxe6+ Kxe6 59. Kc5 1-0

[Event "Dutch League 2023-24"]
[Site "Netherlands NED"]
[Date "2024.03.02"]
[Round "7.4"]
[White "Hommerson, Paul"]
[Black "Beerdsen, Thomas"]
[Result "0-1"]
[WhiteTitle "FM"]
[BlackTitle "GM"]
[WhiteElo "2288"]
[BlackElo "2504"]
[WhiteTeam "Paul Keres"]
[BlackTeam "AMEVO Apeldoorn"]
[WhiteFideId "1025325"]
[BlackFideId "1030108"]
[EventDate "2023.09.16"]
[EventType "team"]

1. d4 Nf6 2. c4 c6 3. Nf3 d5 4. Qb3 dxc4 5. Qxc4 Bf5 6. g3 e6 7. Bg2 Be7 8. O-O
O-O 9. e3 c5 10. Ne5 Nbd7 11. Bxb7 Nxe5 12. dxe5 Bd3 13. Qa4 Bxf1 14. exf6 Bxf6
15. Kxf1 Rb8 16. Be4 Rb4 17. Bxh7+ Kxh7 18. Qc2+ Kg8 19. Nc3 Qa8 20. Kg1 Rfb8
21. Rb1 Bxc3 22. Qxc3 Qe4 23. Ra1 Rc4 24. Qd2 Rc2 25. Qd6 Rc8 26. Qd7 Rf8 27.
Qd1 Qf5 28. f3 c4 29. b3 cxb3 30. axb3 Rfc8 31. b4 Qe5 32. Rb1 Rxc1 0-1